EVERY SECOND COUNTS (Record no. 25898)
[ view plain ]
| 000 -LEADER | |
|---|---|
| fixed length control field | 00305nam a2200121Ia 4500 |
| 008 - FIXED-LENGTH DATA ELEMENTS--GENERAL INFORMATION | |
| fixed length control field | 240624s9999 xx 000 0 und d |
| 041 ## - LANGUAGE CODE | |
| Language code of text/sound track or separate title | eng |
| 082 ## - DEWEY DECIMAL CLASSIFICATION NUMBER | |
| Classification number | 823 ARM |
| 100 ## - MAIN ENTRY--PERSONAL NAME | |
| Personal name | ARMSTRONG LANCE |
| 245 ## - TITLE STATEMENT | |
| Title | EVERY SECOND COUNTS |
| 260 ## - PUBLICATION, DISTRIBUTION, ETC. | |
| Date of publication, distribution, etc. | 2003 |
| Place of publication, distribution, etc. | London |
| Name of publisher, distributor, etc. | Yello Jersey Press |
| 300 ## - PHYSICAL DESCRIPTION | |
| Extent | 246 : p. : cm. ; 22 |
| Withdrawn status | Lost status | Damaged status | Not for loan | Home library | Current library | Shelving location | Date acquired | Total Checkouts | Full call number | Barcode | Date last seen | Date last checked out | Price effective from | Koha item type |
|---|---|---|---|---|---|---|---|---|---|---|---|---|---|---|
| IMTN | IMTN | Rack 39-A | 07/26/2016 | 2 | 823 ARM | 25898 | 10/11/2024 | 10/01/2024 | 06/24/2024 | Books |